Hagan juego

Salvato in:
Dettagli Bibliografici
Autore principale: Casals, Pedro
Natura: Libro
Lingua:Undetermined
Pubblicazione: Barcelona, España Planeta 1988
Soggetti:
Tags: Aggiungi Tag
Nessun Tag, puoi essere il primo ad aggiungerne!!

MARC

LEADER 00000nam a2200000Ia 4500
008 170316s9999 xx 000 0 und d
040 |a cru BVZT 
090 |a 862 C-22h 
100 |a Casals, Pedro 
245 |a Hagan juego 
260 |a Barcelona, España  |b Planeta  |c 1988 
300 |a 258 páginas 
650 |a LITERATURA ESPAÑOLA 
999 |c 9627  |d 9627 
942 |c 15 D  |h 862 C-22h  |2 z